| 000 | 00495nam a2200169Ia 4500 | ||
|---|---|---|---|
| 999 |
_c12117 _d12117 |
||
| 003 | OSt | ||
| 005 | 20201019131220.0 | ||
| 008 | 190216s9999||||xx |||||||||||||| ||und|| | ||
| 040 | _coclc | ||
| 082 |
_a327.54073 _bBOW/V |
||
| 100 |
_aBowles, Chester _95925 |
||
| 245 | 2 |
_aA View From New Delhi / _cChester Bowles |
|
| 260 |
_bAllied Publications, _c1969. _aBombay: |
||
| 300 | _a274p | ||
| 650 | _aEnglish Stories | ||
| 942 |
_cBK _2ddc _h327.54073 _iBOW/V _k327.54073 _mBOW/V |
||